Koleksi cerita dongeng
| Format: | Book |
|---|---|
| Published: |
Kuala Lumpur :
Jiwaseni Sdn Bhd ,
19-
|
| Subjects: |
MARC
| LEADER | 00000cam a2200000 7i4500 | ||
|---|---|---|---|
| 001 | 0000003241 | ||
| 002 | 000003498 | ||
| 005 | 20000330.0 | ||
| 020 | |a 9838810819 | ||
| 090 | 0 | 0 | |a JF |b KOL |
| 245 | 0 | 0 | |a Koleksi cerita dongeng |
| 260 | |a Kuala Lumpur : |b Jiwaseni Sdn Bhd , |c 19- | ||
| 300 | |a 48p. ; |c 26cm. | ||
| 650 | 0 | 0 | |a Children's stories |
| 999 | |a 035678 |b BUKU |c PINJAMAN |e PERPUSTAKAAN KOMUNITI PETALING JAYA | ||